000 00657cab a2200181 4500
001 WB2642-17
008 090401t1990 xxu||||| |||| 00| 0 eng d
035 _a(Sirsi) u2877
041 _aeng
245 _aSecurities markets investments down
260 _c1990
350 _a0
490 _aBank of England Press Notice
_v18 October 1990 4 pages
520 _aInstitutional investment figures for the second quarter 1990. Includes investment activity of pension funds and insurance companies . Two pages tabulate institutional investment and sources of funds.
690 _aPROPERTY-PROPERTY FINANCE AND INVESTMENT
942 _n0
948 _c04/03/1997
999 _c1732
_d1732